000 01629 a2200229 4500
001 63945
005 20260521160827.0
008 260521a1979 arg spa d
003 AR-UNSa-BCEJYS
040 _aAR-UNSa-BCEJYS
_bspa
_cAR-UNSa-BCEJYS
080 _a657
_xContabilidad
245 1 0 _aFundamentos de contabilidad administrativa
020 _a978-968-18-0959-1
264 1 _aMéxico :
_bLimusa
_c1979
300 _axviii, 643 p.
_c24 cm.
505 _a1. Objetivos de la contabilidad administrativa - 2. Objetivos, restricciones y procesos de evaluación - 3. El presupuesto principal: Planeación de alternativas a corto plazo - 4. La presupuestación a corto plazo en un ambiente incierto - 5. Presupuestación por análisis especiales: planeación de costo-volumen-utilidad - 6. Presupuestación del capital: búsqueda de alternativas a largo plazo - 7. Complejidades adicionales de la planeación de proyectos - 8. Costeo del producto - La fabricación sobre pedido sobre pedido como alternativa - 9. Costeo del producto - El proceso como alternativa - 10. Costos conjuntos y transferencias interdivisionales - 11. Informes para el análisis de decisiones - 12. El control de la empresa - Contabilidad por áreas de responsabilidad - 13. Extensiones del control en las entidades económicas descentralizadas - 14. Costos estandar y medición de las variaciones - 15. Control administrativo en las entidades no lucrativas - 16. La contabilidad y el comportamiento -
041 _aspa
942 _cBK
590 _aniveau_biblio:m niveau_hierar:0
100 1 _aCopeland, Ronald M.
700 1 _aDascher, Paul E.
999 _c36430
_d36430